000 00602nam a22001817a 4500
005 20240514123958.0
010 _aENG-140199
020 _c1595.00
_a9788129002518
035 _aEN-123731
037 _bDBAD
082 _a509
245 _aIssues, Challenges and Opportunities in Science and Technology/
_cEditor by Harpreet Kaur
260 _aChandigarh
_bNew ERA Book Agency
_c2022
270 _aSCO 49-51, Sector-17 C, Post Box-52, Chandigarh
_bChandigarh
_e160017
300 _a168p.
_c24cm(hb)
700 _aEditor by Harpreet Kaur
_964850
942 _2ddc
_cEN
_h509.04
_mKAU
999 _c202261
_d202261